ख्वाहिशो की किताब काव्य संग्रह / (Record no. 200330)
[ view plain ]
| 000 -LEADER | |
|---|---|
| fixed length control field | 01099nam a22001937a 4500 |
| 005 - DATE AND TIME OF LATEST TRANSACTION | |
| control field | 20240206153010.0 |
| 010 ## - LCCN (DPL NO) | |
| LC control number | B-757383-387 |
| 020 ## - INTERNATIONAL STANDARD BOOK NUMBER | |
| Terms of availability | 400.00 |
| International Standard Book Number | 9789393781048 |
| 035 ## - SYSTEM CONTROL NUMBER | |
| System control number | B-757383-387 |
| 037 ## - SOURCE OF ACQUISITION | |
| Source of stock number/acquisition | लता ठाकुर |
| 082 ## - DEWEY DECIMAL CLASSIFICATION NUMBER | |
| Classification number | 821 |
| 100 ## - MAIN ENTRY--PERSONAL NAME | |
| Personal name | ठाकुर, लता |
| 245 ## - TITLE STATEMENT | |
| Title | ख्वाहिशो की किताब काव्य संग्रह / |
| Statement of responsibility, etc | लता ठाकुर |
| 260 ## - PUBLICATION, DISTRIBUTION, ETC. (IMPRINT) | |
| Place of publication, distribution, etc | नई दिल्ली |
| Name of publisher, distributor, etc | स्पोर्ट्स पब्लिकेशन |
| Date of publication, distribution, etc | 2022 |
| 270 ## - ADDRESS | |
| Address | 7/26, अंसारी रोड , दरियागंज |
| City | नई दिल्ली |
| Postal code | 110002 |
| 300 ## - PHYSICAL DESCRIPTION | |
| Extent | 222पृष्ट.; |
| Dimensions | 24सेमी (सजिल्द) |
| 942 ## - ADDED ENTRY ELEMENTS (KOHA) | |
| Item type | Hindi Books |
| Source of classification or shelving scheme | Dewey Decimal Classification |
| Classification part | 821 |
| Call number suffix | ठाकुर |
| Withdrawn status | Lost status | Not for loan | Collection code | Home library | Current library | Date acquired | Source of acquisition | Cost, normal purchase price | Full call number | Barcode | Copy number | Cost, replacement price | Koha item type |
|---|---|---|---|---|---|---|---|---|---|---|---|---|---|
| Non-fiction | Ashok Vihar | Ashok Vihar | 06/02/2024 | स्पोर्ट्स पब्लिकेशन/लता/15.1.24/153/15.1.24/16.1.24 | 400.00 | 821 ठाकुर | B-757384 | 1 | 400.00 | Hindi Books | |||
| Non-fiction | Bawana | Bawana | 06/02/2024 | स्पोर्ट्स पब्लिकेशन/लता/15.1.24/153/15.1.24/16.1.24 | 400.00 | 821 ठाकुर | B-757386 | 1 | 400.00 | Hindi Books | |||
| Non-fiction | Central Library | Central Library | 06/02/2024 | स्पोर्ट्स पब्लिकेशन/लता/15.1.24/153/15.1.24/16.1.24 | 400.00 | 821 ठाकुर | B-757383 | 1 | 400.00 | Hindi Books | |||
| Non-fiction | Kasturba Gandhi Marg | Kasturba Gandhi Marg | 06/02/2024 | स्पोर्ट्स पब्लिकेशन/लता/15.1.24/153/15.1.24/16.1.24 | 400.00 | 821 ठाकुर | B-757385 | 1 | 400.00 | Hindi Books | |||
| Non-fiction | Shahdara Branch | Shahdara Branch | 06/02/2024 | स्पोर्ट्स पब्लिकेशन/लता/15.1.24/153/15.1.24/16.1.24 | 400.00 | 821 ठाकुर | B-757387 | 1 | 400.00 | Hindi Books |
